Korelácia spotreby mäsa a mäsových výrobkov a jej vplyv na vznik rakovinového ochorenia
Saved in:
| Main Author: | |
|---|---|
| Other Authors: | |
| Format: | Manuscript Book |
| Language: | Slovak |
| Published: |
2018
|
| Subjects: | |
| Online Access: | http://is.stuba.sk/zp/portal_zp.pl?podrobnosti=132800 |
| Tags: |
No Tags, Be the first to tag this record!
|
MARC
| LEADER | 00000ntm a22000003a 4500 | ||
|---|---|---|---|
| 001 | stuzp69898 | ||
| 003 | SK-STU | ||
| 005 | 20180623211140.4 | ||
| 007 | ta | ||
| 008 | 150427s2015----xo-----f-mn---000-0-slo-d | ||
| 040 | |a STU |b slo | ||
| 041 | 0 | |a slo | |
| 100 | 1 | |a Baranovičová, Erika |u 040200 |4 aut |U FCHPT Fakulta chemickej a potravinárskej technológie |T FCHPT Ústav potravinárstva a výživy |X 76799 |U C020 |Y 684 |7 76799 | |
| 242 | 0 | 1 | |a Correlation of Consumption of Meat and Meat Products and its Impact on the Development of Cancer |y eng |
| 245 | 1 | 0 | |a Korelácia spotreby mäsa a mäsových výrobkov a jej vplyv na vznik rakovinového ochorenia |
| 260 | |c 2018 | ||
| 650 | 4 | |a mäso |2 slo | |
| 650 | 4 | |a spotreba mäsa |2 slo | |
| 650 | 4 | |a kolorektálny karcinóm |2 slo | |
| 650 | 4 | |a meat |2 eng | |
| 650 | 4 | |a consumption meat |2 eng | |
| 650 | 4 | |a colorectal cancer |2 eng | |
| 700 | 1 | |a Staruch, Ladislav |u 040250 |k Z1 |4 ths |U FCHPT Ústav potravinárstva a výživy |T FCHPT Oddelenie potravinárskej technológie |X 4142 |U C0250 |Y 685 |7 A000004142 | |
| 856 | 4 | |u http://is.stuba.sk/zp/portal_zp.pl?podrobnosti=132800 | |